| 000 | 00383nam a2200133Ia 4500 | ||
|---|---|---|---|
| 005 | 20260326235438.0 | ||
| 008 | 260326s9999||||xx |||||||||||||| ||und|| | ||
| 100 | _aLangagne O., Eduardo | ||
| 245 | 0 |
_aLos Diversos Caminos de los Arquitectos / _cEduardo Langagne O. |
|
| 260 | _bUniversidad Autónoma Metropolitana | ||
| 300 | _a247 p. | ||
| 650 | _aARQUITECTURA-GENERAL | ||
| 942 | _cBK | ||
| 999 |
_c7287 _d7287 |
||